Stavebno-technologická príprava stavieb pre zadanú stavbu

Uložené v:
Podrobná bibliografia
Hlavný autor: Uhrapka, Richard (Autor)
Ďalší autori: Antošová, Naďa (Vedúci práce)
Médium: Rukopis Kniha
Jazyk:Slovak
Vydavateľské údaje: 2025
Predmet:
On-line prístup:http://is.stuba.sk/zp/portal_zp.pl?podrobnosti=184140
CRZP
Tagy: Pridať tag
Žiadne tagy, Buďte prvý, kto otaguje tento záznam!

MARC

LEADER 00000ntm a22000003a 4500
001 stuzp104935
003 SK-STU
005 20250724104555.1
007 ta
008 150427s2015----xo-----f-mn---000-0-slo-d
040 |a STU  |b slo 
041 0 |a slo 
100 1 |a Uhrapka, Richard  |u 010270  |4 aut  |U SvF Stavebná fakulta  |T SvF Katedra technológie stavieb  |X 110207  |U V270  |Y 28  |7 110207 
242 0 1 |a The construction-technological preparation for the building  |y eng 
245 1 0 |a Stavebno-technologická príprava stavieb pre zadanú stavbu 
260 |c 2025 
650 4 |a Construction Site Setup  |2 eng 
650 4 |a construction time schedule  |2 eng 
650 4 |a ground improvement by vibro piling  |2 eng 
650 4 |a Spevnenie podložia vibropilotážou  |2 slo 
650 4 |a Časový plán výstavby  |2 slo 
650 4 |a Zariadenie staveniska  |2 slo 
700 1 |a Antošová, Naďa  |u 010270  |k Z1  |4 ths  |U SvF Stavebná fakulta  |T SvF Katedra technológie stavieb  |X 3720  |U V270  |Y 28  |7 A000003720 
856 4 |u http://is.stuba.sk/zp/portal_zp.pl?podrobnosti=184140 
856 4 |u https://opac.crzp.sk/?fn=detailBiblioForm&sid=226A7A544DA3649F6D5638E9F6D0  |z CRZP